000 00462nam a2200181 a 4500
001 3794
005 20140414131913.0
008 061013s19uu xx 00 eng d
020 _a0-395-15023-X
050 _aER
_bC94 1969
100 _aRey, H. A.
245 _aCurious George /
_cby H. A. Rey.
260 _aBoston :
_bHoughton Mifflin.
300 _a46 p. : ill. ; cm.
650 _aMonkeys
_xfiction.
650 _aChildren stories.
999 _c111288
_d111288